00645nam a2200193Ia 4500008004100000041001200041082001200053100005700065245007700122260003400199300000800233365000800241520001200249546001200261630007700273650001200350655001200362730007700374101110s9999 xx 000 0 und d aMARATHI bSR27076 aSamel Swapna aani Ranade Anuradha, Babar Sheela etc. aPuratatvashantra, vastusangrahalayshatra aani granthalayshatrache ghatak c2005bManan Prakashan, Mumbai a322 b120 aHistory aMARATHI aPuratatvashantra, vastusangrahalayshatra aani granthalayshatrache ghatak aHistory aHistory aPuratatvashantra, vastusangrahalayshatra aani granthalayshatrache ghatak